Entry Personal Name
Number of records used in: 1
001 - CONTROL NUMBER
003 - CONTROL NUMBER IDENTIFIER
005 - DATE AND TIME OF LATEST TRANSACTION
- control field:
20230930152343.0
008 - FIXED-LENGTH DATA ELEMENTS
- fixed length control field:
110922n| azannaabn |a aaa
010 ## - LIBRARY OF CONGRESS CONTROL NUMBER
- LC control number:
n 2011066192
035 ## - SYSTEM CONTROL NUMBER
- System control number:
(OCoLC)oca08985392
040 ## - CATALOGING SOURCE
- Original cataloging agency:
DLC
- Language of cataloging:
eng
- Description conventions:
rda
- Transcribing agency:
DLC
- Modifying agency:
DLC
- Modifying agency:
CoU
100 1# - HEADING--PERSONAL NAME
- Personal name:
Hahs-Vaughn, Debbie L.
372 ## - FIELD OF ACTIVITY
- Field of activity:
Statistics
- Source of term:
lcsh
373 ## - ASSOCIATED GROUP
- Associated group:
University of Central Florida
- Source of term:
naf
374 ## - OCCUPATION
- Occupation:
Statisticians
- Occupation:
College teachers
- Source of term:
lcsh
400 1# - SEE FROM TRACING--PERSONAL NAME
- Personal name:
Vaughn, Debbie L. Hahs-
670 ## - SOURCE DATA FOUND
- Source citation:
An introduction to statistical concepts, c2012:
- Information found:
ECIP t.p. (Debbie L. Hahs-Vaughn)
670 ## - SOURCE DATA FOUND
- Source citation:
Statistical concepts, a first course, 2019:
- Information found:
ECIP t.p. (Debbie L. Hahs-Vaughn; University of Central Florida)